000
00314nam a2200133Ia 4500
008
231217s9999 xx 000 0 und d
041
_a
English
082
_a
530 SAI;2 R1
100
_a
Saihgal, R L
245
2
_a
A text book of sound
260
_c
1967
_b
New Delhi : S. Chand,
300
_a
274
942
_c
AA
999
_c
164993
_d
164993